000 00888nam a2200229Ia 4500
001 L240-13165
003 IT-CnALBA
008 170116s9999||||xx |||||||||||||| ||und||
040 _aIT-CnALBA
_cIT-CnALBA
041 _aITALIANO
100 _aBOSSUET JACQUES-BENIGNE VESCOVO DI MEAUX
245 0 _aMEIDTAZIONI SUL VANGELO. VOL. II.
250 _a1a ed.
260 _aCINISELLO BALSAMO (MI)
_bEDIZIONI PAOLINE
_c1953 [1° Ed.:1953]
300 _a454 p.
500 _aTRADUZIONE DI L. ZARDI. GESÙ E GLI APOSTOLI NEL CENACOLO. DAL CENACOLO AL MONTE DEGLI ULIVI.
501 _aSocietà San Paolo EM - Piazza San Paolo, 14 - 12051 ALBA (CN) (non commercial uses only) ® Copyright 2017
520 _aTRADUZIONE DI L. ZARDI. GESÙ E GLI APOSTOLI NEL CENACOLO. DAL CENACOLO AL MONTE DEGLI ULIVI.
650 _aTEOLOGIA SPIRITUALE CRISTIANA
942 _cBK
957 _71
999 _a17918
_bNO
_g Copie: 1
_c272341
_d272341